000 00934nam a2200277 a 4500
001 1377888
003 CO-ViMGA
005 20230915233608.0
008 121130s2012 ck a jr 0001j spa d
020 _a9789583041044
040 _aCO-ViMGA
_bspa
_cCO-ViMGA
043 _an-us---
082 0 4 _aI813.5
_bS24c2
_221
100 1 _aSchimel, Lawrence,
_d1971-
_9198
245 1 3 _aLa casa de los espejos /
_cLawrence Schimel ; ilustradora Rocio Parra Parra.
250 _aEdicion Luisa Noguera Arrieta.
260 _aBogota :̀
_bPanamericana Editorial,
_c2012.
300 _a43 p. :
_bil. ;
_c23 cm.
650 1 4 _aCuentos infantiles estadounidenses.
_9199
650 1 4 _aEspejos
_v Cuentos infantiles.
_9201
650 1 4 _aHermanos
_v Cuentos infantiles.
_9200
650 1 4 _aLibros ilustrados para niǫs.
_981
700 1 _aNoguera Arrieta, Luisa Margarita,
_eed.
_974
700 1 _aParra, Roco̕,
_eil.
_9202
942 _2ddc
_cBK
999 _c37185
_d37185